000 00768nas a2200253 4500
001 BR8202897
003 BR-BrBNA
005 20231205085156.0
007 ta
008 230509b bl.|||p| |||| 00| 00por d
040 _aBR-BrBNA
_bpor
_cBiblioteca Nacional de Agricultura
041 _a(Pt)
072 _aK10; K20
100 1 _aAnon.
245 1 _aAgropecuaria Capemi e Lazard Freres reafirmam o contrato de Tucurui [extracao da madeira, Para, Brasil]
650 _aMADEIRA
650 _aEXTRACAO DA MADEIRA
650 _aECONOMIA FLORESTAL
650 _aTUCURUI
650 _aPARA
773 0 _tRevista da Madeira (Brazil)
_xISSN 0034-7582
_g(Jun 1982), v. 31(366) p. 33-34
_wBR8202897
909 _a202311
_bLúcia
_c55
_dLúcia Elande
942 _2AGRIS
_n0
_cANA
999 _c109748
_d109748